01005nam a22002057a 450000500170000000700150001700800410003203500090007304000090008210000320009124501180012325600240024126000360026530000280030150602850032965000250061465000330063974000380067285600890071020240305165358.0cr|||| |||| 120718s2011 mx |||||s|||| 00||0 spa d a6583 avLex1 aBarcelata Chávez, Hilario10aCoatzacoalcosh[Recurso electrónico] :bEconomía local y problemática social /cHilario Barcelata Chávez  aServicio en línea a[s.l.] :bEditorial vLex,c2011 a1 recurso electrónico1 aContenido solo disponible en los productos indicadosdvLex Global dvLex Global (Academic Edition, excluding Law Schools) dvLex Global (U.S. Academic Edition, Law Schools) dvLex Global (U.S. Academic Edition, excluding Law Schools) dvLex Global (Academic Edition, Law Schools) 04aEconomíazMéxico04aProblemas socialeszMéxico0 avLex Libros (Servicio en línea)40uhttps://app.vlex.com/#/sources/coatzacoalcos-economia-local-problematica-social-6583